| 000 | 01114nam0a22002891 4500 | ||
|---|---|---|---|
| 001 | rc\4115525 | ||
| 005 | 20260406171622.0 | ||
| 021 |
_aRU _b[56-34501] |
||
| 035 | _a(NLR Aleph) 008148587 | ||
| 090 |
_a7774196 _c7774196 |
||
| 100 | _a20130415d1956 |||y0rusy50 ca | ||
| 101 | 0 | _arus | |
| 102 | _aRU | ||
| 105 | _ae z |||a| | ||
| 200 | 1 |
_aБеседы с руководителями драмколлективов _fОбл. дом нар. творчества |
|
| 210 |
_aМолотов _cБ. и. _d1956 |
||
| 215 |
_a50 с. _cплан. _d20 |
||
| 320 | _aБиблиогр.: с. 25-26 | ||
| 606 |
_aТеатральная самодеятельность _jМетодические пособия _2psbo |
||
| 606 |
_aДраматические кружки _xМетодика работы _2psbo |
||
| 700 | 1 |
_aФутлик _bЛ.И. _gЛев Иудович |
|
| 712 | 0 | 2 |
_aПермский областной дом народного творчества _3RU\NLR\AUTH\889939101 _9373083 |
| 801 | 0 |
_aRU _bNLR _gpsbo |
|
| 801 | 1 |
_aRU _bELAR _2rusmarc |
|
| 852 |
_aNLR _jИс70 Г-4/672 |
||
| 942 | _cBOOK | ||
| 980 | _aNB | ||